| 000 | 01264nam a2200265 a 4500 | ||
|---|---|---|---|
| 001 | BRCA_8717 | ||
| 005 | 20190320210358.0 | ||
| 008 | 080217s1758----sp-#######---#000-0#spa-# | ||
| 041 | _aspa | ||
| 044 | _asp | ||
| 084 |
_aBE58 _b.P58 1758 |
||
| 100 | 1 |
_aPluche, Noël Antoine _d1688-1761 _921346 |
|
| 245 | 1 | 0 |
_aEspectáculo de la naturaleza o conversaciones acerca de las particularidades de la historia natural, que han parecido más a propósito para excitar una curiosidad útil y formarles la razón a los jóvenes lectores _cescrito en idioma francés por el abad M. Pluche ; y traducido al castellano por el P. Estevan de Terreros y Pando. |
| 250 | _a2a ed. | ||
| 260 |
_aMadrid _bEn la Oficina de Joachin Ibarra _c1758 |
||
| 300 |
_a[2], [1], 394 p. (t.16) _bil. _c20 x 14.5 cm. |
||
| 500 | _aEn portada : Dedicado a la Reyna Nuestra Señora Doña Maria Barbara | ||
| 500 | _aEstado físico : presenta lomo semi-desprendido y cintas rotas | ||
| 505 | 0 | _aContenido : t.11, pte.8. Que contiene la demostración Evangelica | |
| 650 | 1 | 4 |
_aCiencias naturales _yObras anteriores a 1800 _921347 |
| 700 | 1 |
_aIbarra, Joaquín _d1725-1785 _eImpresor _921271 |
|
| 700 | 1 |
_aTerreros y Pando, Esteban de _d1707-1782 _etr. _921715 |
|
| 902 | _aCFM | ||
| 942 |
_2lcc _cB |
||
| 999 |
_c8369 _d8369 |
||